QUEST Central Library Banner

Determining The Factors for Acceptance of The QEC Application (ME Thesis) (Record no. 66679)

MARC details
000 -LEADER
fixed length control field 00406nam a22001217a 4500
100 ## - MAIN ENTRY--AUTHOR NAME
Personal name Muhammad Ali
-- 15MSIT07
-- Supervisor - Prof.Dr Zahid Hussain Abro
245 ## - TITLE STATEMENT
Title Determining The Factors for Acceptance of The QEC Application (ME Thesis)
260 ## - PUBLICATION, DISTRIBUTION, ETC. (IMPRINT)
Place of publication Nawabshah
Name of publisher QUEST
Year of publication 2019
300 ## - PHYSICAL DESCRIPTION
Number of Pages 47
700 ## - ADDED ENTRY--PERSONAL NAME
Personal name Department of Information Technology
856 ## - ELECTRONIC LOCATION AND ACCESS
Uniform Resource Identifier https://tinyurl.com/2bk8nv39
942 ## - ADDED ENTRY ELEMENTS (KOHA)
Koha item type Thesis and Dissertation
Holdings
Withdrawn status Lost status Home library Current library Date acquired Full call number Accession Number Koha item type
    Central Library, QUEST, Nawabshah Research Section 23/11/2020 R/IMS-20 MP/60-776 Thesis and Dissertation

Copyright © 2018,The QUEST, Nawabshah, Shaheed Benazirabad. All rights reserved
Mr. G. Farooq Channar (Librarian) QUEST, Nawabshah, Sindh, Pakistan 67480.
 Ph#: |   0244-9370381-4 Ext. 2308   Email| lib@quest.edu.pk   Web|  http://www.quest.edu.pk